It looks like you're offline.
Open Library logo
additional options menu

MARC Record from Scriblio

Record ID marc_records_scriblio_net/part27.dat:53002794:464
Source Scriblio
Download Link /show-records/marc_records_scriblio_net/part27.dat:53002794:464?format=raw

LEADER: 00464nam 2200169 a 4500
001 97948355
003 DLC
005 19980113154206.4
008 971023s1996 vm f000 1 vie
010 $a 97948355
040 $aDLC$cDLC
050 00 $aPL4378.9.T6413$bB79 1996
100 1 $aTrà̂n, Diẽ̂n.
245 10 $aBức thư giải oan :$btiẻ̂u thuyé̂t /$cTrà̂n Diẽ̂n.
260 $a[Hà Nội] :$bCông an nhân dân,$c[1996]
300 $a454 p. ;$c19 cm.
500 $aNovel.